000 00423nam a22001817a 4500
003 OSt
008 250423b |||||||| |||| 00| 0 eng d
020 _a9789354249334
082 _a658.18 MOI
100 _aMORRIS,Shad
245 _aInternational Business
250 _a2nd Ed
260 _aNew Delhi
_bWiley
_c2022
300 _a550
650 _aInternational Business
700 _aOLDROYD,James
942 _2ddc
_cBK
999 _c13391
_d13391